[Event "Druga liga Srbije grupa Vojvodina 2011"]
[Site "Vrbas"]
[Date "2011.09.26"]
[Round "3.1"]
[White "Vuckov, Branislav"]
[Black "Indjic, Dusan"]
[Result "0-1"]
[WhiteElo "1951"]
[BlackElo "2283"]
[PlyCount "91"]
[EventDate "2011.09.25"]

1. e4 c5 2. Bc4 e6 3. Nc3 Nc6 4. a3 Nf6 5. d3 d5 6. Bb5 Be7 7. Bxc6+ bxc6 8. e5
Nd7 9. f4 O-O 10. Nf3 Ba6 11. O-O c4 12. d4 c5 13. Be3 Rb8 14. Rb1 g6 15. Ne2
Qc7 16. c3 Rb7 17. Qc2 Rfb8 18. dxc5 Nxc5 19. Bxc5 Bxc5+ 20. Ned4 Rb6 21. a4
Bc8 22. h4 Bd7 23. h5 Qb7 24. Rf2 Ba3 25. hxg6 hxg6 26. b4 cxb3 27. Qd2 Bxa4
28. f5 exf5 29. g4 fxg4 30. Ng5 Be8 31. Qf4 Qe7 32. Nh7 Kxh7 33. Rh2+ Kg8 34.
Qh6 Qxe5 35. Qh7+ Kf8 36. Qh6+ Qg7 37. Qg5 Rf6 38. Rh6 Be7 39. Qe3 Rf3 40. Nxf3
gxf3 41. Re1 Bd6 42. Rh3 b2 43. Rb1 Rc8 44. Qxf3 d4 45. Qd5 dxc3 46. Qb7 0-1

[Event "Druga liga Srbije grupa Vojvodina 2011"]
[Site "Vrbas"]
[Date "2011.09.26"]
[Round "3.1"]
[White "Petakov, Uros"]
[Black "Rajic, Dobrivoje"]
[Result "1/2-1/2"]
[WhiteElo "2352"]
[BlackElo "2120"]
[PlyCount "92"]
[EventDate "2011.09.25"]

1. d4 Nf6 2. Nf3 e6 3. e3 c5 4. Bd3 d5 5. O-O Nc6 6. b3 a6 7. Bb2 b5 8. a4 b4
9. Nbd2 cxd4 10. exd4 a5 11. Ne5 Nxe5 12. dxe5 Nd7 13. f4 g6 14. Qe2 Nc5 15.
Bb5+ Bd7 16. Bd4 Be7 17. Rf3 O-O 18. Raf1 Bxb5 19. axb5 a4 20. bxa4 Rxa4 21.
Qe3 Ra3 22. Nb3 Ne4 23. g4 f5 24. exf6 Bxf6 25. Kh1 Qd7 26. b6 Qc6 27. Bxf6
Rxf6 28. Qd4 Ra6 29. f5 exf5 30. gxf5 g5 31. Rd3 Rxb6 32. Qxd5+ Qxd5 33. Rxd5
Rfd6 34. Re5 Rd1 35. Rxd1 Nf2+ 36. Kg2 Nxd1 37. Kf3 h5 38. Ke2 Rd6 39. f6 Nc3+
40. Ke3 Nd5+ 41. Kd4 Nxf6+ 42. Kc5 Rd1 43. Rxg5+ Kf7 44. Rg2 Rh1 45. Nd4 Ng4
46. Nf3 Rf1 1/2-1/2

[Event "Druga liga Srbije grupa Vojvodina 2011"]
[Site "Vrbas"]
[Date "2011.09.26"]
[Round "3.1"]
[White "Nadj, Vladimir"]
[Black "Stanojevic, Branko"]
[Result "0-1"]
[WhiteElo "2156"]
[BlackElo "2282"]
[PlyCount "64"]
[EventDate "2011.09.25"]

1. e4 d6 2. d4 Nf6 3. Nc3 g6 4. f4 Bg7 5. Nf3 O-O 6. Bd3 Na6 7. a3 c5 8. d5 e6
9. O-O exd5 10. Nxd5 Nxd5 11. exd5 Rb8 12. c4 b5 13. cxb5 Nc7 14. a4 a6 15.
bxa6 Nxa6 16. Rb1 Nb4 17. Bc4 Bf5 18. Ra1 Ra8 19. Ra3 Bc2 20. Qd2 Bxa4 21. Ng5
Bc2 22. Kh1 Bf5 23. Qf2 Rxa3 24. bxa3 Nd3 25. Qd2 Nxc1 26. Rxc1 Qa8 27. Qa2 Rb8
28. a4 Qa5 29. Qe2 Qxa4 30. g4 Re8 31. Ne6 Rxe6 32. dxe6 Qa8+ 0-1

[Event "Druga liga Srbije grupa Vojvodina 2011"]
[Site "Vrbas"]
[Date "2011.09.26"]
[Round "3.2"]
[White "Galyas, Miklos"]
[Black "Somborski, Nebojsa"]
[Result "1-0"]
[WhiteElo "2458"]
[BlackElo "2355"]
[PlyCount "71"]
[EventDate "2011.09.25"]

1. c4 e5 2. Nc3 Nf6 3. Nf3 Nc6 4. e4 Bc5 5. Nxe5 O-O 6. Nf3 Nxe4 7. Nxe4 Re8 8.
d3 Bb4+ 9. Bd2 f5 10. Be2 fxe4 11. dxe4 Rxe4 12. Bxb4 Nxb4 13. a3 Nc6 14. Qd5+
Re6 15. Ng5 Qf6 16. Nxe6 dxe6 17. Qd2 Nd4 18. Rd1 c5 19. Bd3 Bd7 20. O-O Ba4
21. Rfe1 Bb3 22. Qe3 Rd8 23. Qe4 Qf5 24. Qxf5 exf5 25. Re5 Nc6 26. Rd5 Rxd5 27.
cxd5 Bxd5 28. Bxf5 g6 29. Bb1 Kf7 30. h4 a5 31. Re1 a4 32. h5 b5 33. h6 Bc4 34.
f4 b4 35. f5 g5 36. f6 1-0

[Event "Druga liga Srbije grupa Vojvodina 2011"]
[Site "Vrbas"]
[Date "2011.09.26"]
[Round "3.2"]
[White "Vukic, Radivoj"]
[Black "Vlahovic, Bogdan"]
[Result "1-0"]
[WhiteElo "2336"]
[BlackElo "2356"]
[PlyCount "99"]
[EventDate "2011.09.25"]

1. d4 Nf6 2. c4 g6 3. Nc3 d5 4. cxd5 Nxd5 5. e4 Nxc3 6. bxc3 c5 7. Be3 Bg7 8.
Rc1 O-O 9. Be2 Nd7 10. Qd2 e6 11. h4 e5 12. d5 f5 13. d6 Kh8 14. Bg5 Nf6 15. h5
gxh5 16. Bxh5 Be6 17. Bg6 Qd7 18. Bxf6 Rxf6 19. Bxh7 f4 20. Nf3 Bh6 21. Bf5
Bxf5 22. exf5 Qxf5 23. Qd5 Rd8 24. Rd1 Kg7 25. Qxc5 Rd7 26. O-O Qe6 27. Nxe5
Rxd6 28. Qc7+ Kg8 29. Ng4 Rg6 30. Rxd6 Qxd6 31. Qxd6 Rxd6 32. Nxh6+ Rxh6 33.
Rb1 b6 34. Rb4 Rc6 35. Rxf4 Rxc3 36. a4 Rc1+ 37. Kh2 a5 38. g4 Rb1 39. Kg3 Rb4
40. Rf6 Kg7 41. g5 Rb3+ 42. Kg4 Rb1 43. f4 Rb4 44. Rc6 Kf7 45. Kf5 Ke7 46. g6
Rxa4 47. Rxb6 Rc4 48. Rb7+ Kf8 49. Ra7 a4 50. Kg5 1-0

[Event "Druga liga Srbije grupa Vojvodina 2011"]
[Site "Vrbas"]
[Date "2011.09.26"]
[Round "3.2"]
[White "Sekulic, Dusan"]
[Black "Remecki, Sinisa"]
[Result "1-0"]
[WhiteElo "2302"]
[BlackElo "2229"]
[PlyCount "59"]
[EventDate "2011.09.25"]

1. d4 d6 2. Nf3 Nf6 3. g3 c6 4. Bg2 Nbd7 5. c4 e5 6. Nc3 Be7 7. O-O O-O 8. e4
Re8 9. h3 Bf8 10. Qc2 g6 11. Rd1 Qc7 12. Be3 b6 13. Rac1 a6 14. a3 Bg7 15. c5
bxc5 16. dxe5 Nxe5 17. Nxe5 Rxe5 18. Bf4 Re6 19. Qd2 Ne8 20. Na4 Be5 21. Be3
Re7 22. f4 Bg7 23. b4 Be6 24. bxc5 Bb3 25. cxd6 Nxd6 26. e5 Ne4 27. Bxe4 Bxa4
28. Re1 Rb8 29. Qd4 Bb5 30. a4 {.....} 1-0

[Event "Druga liga Srbije grupa Vojvodina 2011"]
[Site "Vrbas"]
[Date "2011.09.26"]
[Round "3.2"]
[White "Milovic, Nikola"]
[Black "Mijatovic, Dejan"]
[Result "1-0"]
[WhiteElo "1967"]
[BlackElo "2276"]
[PlyCount "104"]
[EventDate "2011.09.25"]

1. Nf3 Nf6 2. c4 e6 3. d4 d5 4. g3 c6 5. Nbd2 Nbd7 6. Bg2 Bd6 7. O-O O-O 8. b3
e5 9. dxe5 Nxe5 10. Bb2 Nxf3+ 11. Bxf3 dxc4 12. Nxc4 Be7 13. Qxd8 Rxd8 14. Rfd1
Ne8 15. Rxd8 Bxd8 16. Rd1 Be6 17. Bc3 Bc7 18. Na5 Rb8 19. Rd2 f6 20. b4 Nd6 21.
Nb3 Bxb3 22. axb3 Nb5 23. Rd7 Rd8 24. Rxd8+ Bxd8 25. Bd2 Nd4 26. Be3 Nxf3+ 27.
exf3 a5 28. bxa5 Bxa5 29. Kf1 Kf7 30. Ke2 Ke6 31. Kd3 Kd5 32. g4 g6 33. f4 f5
34. f3 c5 35. g5 b5 36. Bf2 Bb4 37. Be3 c4+ 38. bxc4+ bxc4+ 39. Ke2 Bd6 40. h3
Bc7 41. Kd2 Ba5+ 42. Ke2 Bb4 43. Bf2 Bc5 44. Be1 Bd6 45. Ke3 Ba3 46. Bc3 Bc1+
47. Ke2 Bxf4 48. Bf6 Be5 49. Be7 Ke6 50. Bd8 Bd4 51. Kd2 f4 52. Bc7 Be3+ $138
1-0

[Event "Druga liga Srbije grupa Vojvodina 2011"]
[Site "Vrbas"]
[Date "2011.09.26"]
[Round "3.2"]
[White "Sevo, Dusan"]
[Black "Besedes, Danilo"]
[Result "1-0"]
[WhiteElo "2268"]
[BlackElo "1801"]
[PlyCount "55"]
[EventDate "2011.09.25"]

1. e4 e5 2. Nf3 Nc6 3. Bb5 a6 4. Bxc6 dxc6 5. O-O Bg4 6. h3 h5 7. d3 Bxf3 8.
Qxf3 Qd7 9. Nd2 f6 10. Nc4 O-O-O 11. Qe3 Kb8 12. f4 exf4 13. Qxf4 g5 14. Qf5
Qxf5 15. Rxf5 Bg7 16. Bd2 Ne7 17. Rf2 b6 18. Raf1 Rhf8 19. Bc3 Ng8 20. Ne3 Rd7
21. e5 Bh8 22. exf6 Rdf7 23. Nc4 Nxf6 24. Ne5 Rh7 25. Ng6 Rg8 26. Nxh8 Rhxh8
27. Rxf6 Kb7 28. Rf7 1-0

[Event "Druga liga Srbije grupa Vojvodina 2011"]
[Site "Vrbas"]
[Date "2011.09.26"]
[Round "3.2"]
[White "Sukovic, Srdjan"]
[Black "Popov, Stevan"]
[Result "0-1"]
[WhiteElo "1972"]
[BlackElo "2209"]
[PlyCount "102"]
[EventDate "2011.09.25"]

1. e4 c6 2. d4 g6 3. Nc3 Bg7 4. Bg5 Qb6 5. Nf3 d6 6. Rb1 Bg4 7. Be3 Bxf3 8.
gxf3 Nf6 9. Bc4 Qc7 10. Qd2 O-O 11. Bh6 e5 12. Bxg7 Kxg7 13. h4 Nh5 14. Ne2 Nd7
15. Qe3 Ndf6 16. Kd2 Rad8 17. Kc1 b5 18. Bb3 a6 19. c3 c5 20. d5 a5 21. Kd2 c4
22. Bc2 Rb8 23. Rbg1 Qb6 24. f4 Qxe3+ 25. Kxe3 b4 26. fxe5 dxe5 27. b3 Rfc8 28.
cxb4 cxb3 29. Bxb3 Rxb4 30. f3 a4 31. Bd1 Ne8 32. Rg2 Nd6 33. Rhg1 f6 34. Re1
Rb2 35. Bxa4 Nf4 36. Rgg1 Nc4+ 37. Kf2 Nh3+ 38. Kg3 Nxg1 39. Nxg1 Rxa2 40. Bb3
Rb2 41. Bxc4 Rxc4 42. Re2 Rxe2 43. Nxe2 f5 44. d6 Kf6 45. exf5 gxf5 46. Kh3 Rc6
47. d7 Rd6 48. f4 Rxd7 49. fxe5+ Kxe5 50. Kg3 Rd3+ 51. Kf2 Rd2 0-1

[Event "Druga liga Srbije grupa Vojvodina 2011"]
[Site "Vrbas"]
[Date "2011.09.26"]
[Round "3.3"]
[White "Ratkovic, Milovan"]
[Black "Luketa, Milan"]
[Result "1-0"]
[WhiteElo "2177"]
[BlackElo "2121"]
[PlyCount "67"]
[EventDate "2011.09.25"]

1. d4 d5 2. c4 e6 3. Nc3 Nf6 4. cxd5 exd5 5. Bg5 c6 6. Qc2 h6 7. Bh4 Be7 8. e3
O-O 9. Bd3 Re8 10. Nf3 Nbd7 11. O-O-O b6 12. h3 Bb7 13. Kb1 Rc8 14. Bf5 Ra8 15.
g4 Ne4 16. Nxe4 dxe4 17. Ne5 Bxh4 18. Bxd7 Re7 19. Bf5 c5 20. Bxe4 Qc7 21. Bxb7
Qxb7 22. g5 cxd4 23. exd4 Bxg5 24. Rhg1 Rc7 25. Qf5 Qd5 26. f4 g6 27. Qd3 Bf6
28. Ng4 Bg7 29. f5 Qxf5 30. Nxh6+ Bxh6 31. Qxf5 Bg7 32. Rxg6 Rac8 33. Rg2 Kf8
34. Qh7 1-0

[Event "Druga liga Srbije grupa Vojvodina 2011"]
[Site "Vrbas"]
[Date "2011.09.26"]
[Round "3.3"]
[White "Kracunov, Bozidar"]
[Black "Ratkovic, Miloje"]
[Result "0-1"]
[WhiteElo "2078"]
[BlackElo "2135"]
[PlyCount "76"]
[EventDate "2011.09.25"]

1. d4 d5 2. c4 c6 3. Nc3 Nf6 4. e3 e6 5. Bd2 Nbd7 6. Nf3 Bd6 7. c5 Bc7 8. b4 e5
9. dxe5 Nxe5 10. Nd4 O-O 11. Be2 Ne4 12. O-O Nxd2 13. Qxd2 Ng4 14. h3 Nf6 15.
Bd3 Qe7 16. f4 Bd7 17. Bf5 Rfe8 18. Rae1 Bxf5 19. Nxf5 Qd7 20. g4 a5 21. a3
axb4 22. axb4 h5 23. Qd4 Bd8 24. Nd6 Rf8 25. f5 Bc7 26. e4 Bxd6 27. cxd6 dxe4
28. Nxe4 Nxe4 29. Rxe4 Rfe8 30. Rxe8+ Rxe8 31. Rd1 f6 32. Qb6 hxg4 33. hxg4 Re4
34. Rd4 Re1+ 35. Kf2 Qe8 36. Rd2 Rh1 37. Qd4 Qe1+ 38. Kg2 Qf1+ 0-1

[Event "Druga liga Srbije grupa Vojvodina 2011"]
[Site "Vrbas"]
[Date "2011.09.26"]
[Round "3.3"]
[White "Farkas, Miso"]
[Black "Petrovic, Lazar"]
[Result "0-1"]
[WhiteElo "2132"]
[BlackElo "2113"]
[PlyCount "150"]
[EventDate "2011.09.25"]

1. b4 e6 2. Bb2 Nf6 3. a3 c5 4. bxc5 Bxc5 5. d4 Be7 6. c4 d5 7. e3 O-O 8. Nf3
b6 9. Nbd2 Nc6 10. Be2 Na5 11. O-O Ba6 12. cxd5 Bxe2 13. Qxe2 exd5 14. Rac1 a6
15. Ne5 b5 16. Nc6 Nxc6 17. Rxc6 Qd7 18. Rc2 Rfc8 19. Rfc1 Rxc2 20. Rxc2 Rc8
21. Nb3 Rc4 22. Na5 Rc7 23. h3 Qc8 24. Rxc7 Qxc7 25. Nb3 h6 26. Nc1 Qa5 27. Nd3
Bxa3 28. Bxa3 Qxa3 29. Qc2 a5 30. Qc8+ Qf8 31. Qa6 a4 32. Qxb5 Qa8 33. Nb4 a3
34. Na2 Ne4 35. f3 Nd6 36. Qb3 Nc4 37. e4 Qa5 38. Qb8+ Kh7 39. Qb4 Qxb4 40.
Nxb4 dxe4 41. fxe4 Nd2 42. e5 Kg6 43. Kf2 Nb3 44. Ke3 Nc1 45. Nc2 a2 46. Na1
Kf5 47. g4+ Ke6 48. Ke4 Ne2 49. d5+ Kd7 50. h4 Nc3+ 51. Kd4 Nd1 52. Ke4 Kc7 53.
Nb3 Nf2+ 54. Kf5 Kd7 55. g5 hxg5 56. hxg5 g6+ 57. Kf4 Nd3+ 58. Ke4 Nc1 59. Na1
Ne2 60. Ke3 Ng3 61. Kf4 Nf5 62. Ke4 Kc7 63. Nb3 Ng7 64. Kd4 Kb6 65. Ke4 Kb5 66.
Na1 Kc5 67. Nc2 Kc4 68. e6 Nxe6 69. dxe6 fxe6 70. Ke5 Kc3 71. Na1 Kb2 72. Kxe6
Kxa1 73. Kf6 Kb1 74. Kxg6 a1=Q 75. Kh7 Qa7+ 0-1

[Event "Druga liga Srbije grupa Vojvodina 2011"]
[Site "Vrbas"]
[Date "2011.09.26"]
[Round "3.3"]
[White "Zivkovic, Negosim"]
[Black "Tomin, Nenad"]
[Result "1-0"]
[WhiteElo "2248"]
[BlackElo "1820"]
[PlyCount "131"]
[EventDate "2011.09.25"]

1. e4 c5 2. Nf3 Nc6 3. d4 cxd4 4. c3 Nf6 5. e5 Nd5 6. Bc4 Nb6 7. Bb3 d6 8. exd6
dxc3 9. Nxc3 exd6 10. Ng5 Ne5 11. f4 h6 12. Nge4 Bg4 13. Qd2 Qh4+ 14. Nf2 Nec4
15. Qd4 Qe7+ 16. Nfe4 Na5 17. O-O O-O-O 18. Nd5 Nxd5 19. Bxd5 Kb8 20. Qb4 b6
21. Bd2 Be6 22. Nc3 g6 23. Rfe1 Qd7 24. Qe4 Bxd5 25. Nxd5 Nb7 26. Qd4 f5 27.
Qxh8 Bg7 28. Qxd8+ Qxd8 29. Re7 Bd4+ 30. Kh1 Nc5 31. Nb4 Qc8 32. Rae1 Ne4 33.
h3 Bf6 34. Rc1 Bxe7 35. Rxc8+ Kxc8 36. Be3 Bf6 37. b3 Kb7 38. Kg1 Nc3 39. Bd2
Ne4 40. Be3 Nc3 41. Bd2 Bd4+ 42. Kf1 Ne4 43. Ke2 Bf6 44. g4 Bd8 45. gxf5 gxf5
46. Nd5 Ng3+ 47. Kf3 Ne4 48. Be1 h5 49. Ne3 Bf6 50. Nxf5 d5 51. Ng3 Nxg3 52.
Bxg3 Kc6 53. Ke3 Kc5 54. Be1 a5 55. Kd3 Bg7 56. Bf2+ Kc6 57. f5 b5 58. a4 b4
59. Bh4 Kd6 60. Bd8 Ke5 61. Bxa5 Bf8 62. Bc7+ Kxf5 63. a5 Bc5 64. Bb6 Bd6 65.
a6 Bb8 66. a7 1-0

[Event "Druga liga Srbije grupa Vojvodina 2011"]
[Site "Vrbas"]
[Date "2011.09.26"]
[Round "3.3"]
[White "Erski, Dragan"]
[Black "Popov, Zoran"]
[Result "1/2-1/2"]
[WhiteElo "2167"]
[BlackElo "2113"]
[PlyCount "88"]
[EventDate "2011.09.25"]

1. e4 c5 2. Nf3 d6 3. d4 cxd4 4. Nxd4 Nf6 5. Nc3 a6 6. Be3 e5 7. Nb3 Be6 8. f3
Be7 9. Qd2 Nbd7 10. O-O-O b5 11. g4 Nb6 12. Bxb6 Qxb6 13. Nd5 Bxd5 14. exd5 a5
15. Qd3 O-O 16. Nd2 Rab8 17. h4 Rfc8 18. Ne4 b4 19. Kb1 a4 20. Nxf6+ Bxf6 21.
Qe4 b3 22. cxb3 axb3 23. a3 g6 24. Bd3 Qd4 25. g5 Qxe4 26. fxe4 Bd8 27. Rc1
Rxc1+ 28. Rxc1 h6 29. gxh6 Bxh4 30. Rh1 Bg5 31. h7+ Kh8 32. Bc4 Bf4 33. Rh3 g5
34. Be2 f5 35. exf5 e4 36. Rc3 Kxh7 37. Rc7+ Kh6 38. a4 g4 39. Bxg4 Kg5 40. Bd1
Bd2 41. Rc6 Kxf5 42. Rxd6 Ke5 43. Rd7 e3 44. Rh7 Kxd5 1/2-1/2

[Event "Druga liga Srbije grupa Vojvodina 2011"]
[Site "Vrbas"]
[Date "2011.09.26"]
[Round "3.4"]
[White "Markovic, Milovan"]
[Black "Indjic, Aleksandar"]
[Result "1-0"]
[WhiteElo "2248"]
[BlackElo "2391"]
[PlyCount "95"]
[EventDate "2011.09.25"]

1. d4 Nf6 2. Nf3 c5 3. d5 d6 4. Nc3 g6 5. e4 Bg7 6. Bb5+ Nfd7 7. a4 Na6 8. Bg5
Nc7 9. Be2 h6 10. Be3 O-O 11. Qc1 Kh7 12. h4 e6 13. dxe6 Nxe6 14. Qd2 Ne5 15.
Nh2 Nd4 16. O-O-O Be6 17. h5 g5 18. f4 gxf4 19. Bxf4 Qb6 20. Bxe5 Bxe5 21. Nf3
Nxf3 22. gxf3 Qb4 23. f4 Bd4 24. Bd3 f6 25. Rde1 Rad8 26. Rh2 c4 27. Be2 Qc5
28. Bf3 Rg8 29. Kb1 Rg3 30. Ne2 Be3 31. Qc3 Rxf3 32. Qxf6 Rg8 33. Qxe6 Bxf4 34.
Nxf4 Rxf4 35. Rd2 Qxh5 36. Rxd6 c3 37. Rd7+ Kh8 38. Qe7 Qg6 39. Qe5+ Qf6 40.
Qc7 Rg7 41. Qc8+ Rg8 42. Qc7 Rgg4 43. e5 Qc6 44. Rd8+ Rg8 45. Rxg8+ Kxg8 46.
Rg1+ Kf8 47. Qd8+ Kf7 48. Qg8+ 1-0

[Event "Druga liga Srbije grupa Vojvodina 2011"]
[Site "Vrbas"]
[Date "2011.09.26"]
[Round "3.4"]
[White "Cerovic, Danilo"]
[Black "Pezelj, Novak"]
[Result "1/2-1/2"]
[WhiteElo "2305"]
[BlackElo "2373"]
[PlyCount "62"]
[EventDate "2011.09.25"]

1. e4 c6 2. Nc3 d5 3. Nf3 g6 4. d4 Bg7 5. h3 Nf6 6. e5 Ne4 7. Nxe4 dxe4 8. Ng5
c5 9. e6 f6 10. Nf7 Qxd4 11. Nxh8 Bxh8 12. Be3 Qxb2 13. Rb1 Qc3+ 14. Bd2 Qe5
15. Bc4 Nc6 16. O-O Bxe6 17. Bc3 Qxc3 18. Bxe6 Rd8 19. Qe2 Qe5 20. Bg8 Rd7 21.
Bxh7 f5 22. Bxg6+ Kd8 23. c3 Kc7 24. Qb5 b6 25. Be8 Rd6 26. Rfd1 Nb8 27. Qa4
Kb7 28. Rxd6 exd6 29. c4 e3 30. Bf7 exf2+ 31. Kf1 Qe3 1/2-1/2

[Event "Druga liga Srbije grupa Vojvodina 2011"]
[Site "Vrbas"]
[Date "2011.09.26"]
[Round "3.4"]
[White "Vujacic, Borivoje"]
[Black "Elez, Nikola"]
[Result "1-0"]
[WhiteElo "2299"]
[BlackElo "2155"]
[PlyCount "83"]
[EventDate "2011.09.25"]

1. e4 c5 2. Nf3 d6 3. d4 cxd4 4. Nxd4 Nf6 5. Nc3 g6 6. Be2 Bg7 7. O-O O-O 8.
Bg5 Nc6 9. Nb3 Bd7 10. f4 Rc8 11. Kh1 a6 12. Bf3 b5 13. Nd5 Nxd5 14. exd5 Na5
15. Nxa5 Qxa5 16. Bxe7 Rfe8 17. Bxd6 Bxb2 18. Be5 Rxe5 19. fxe5 Bxe5 20. d6
Bxa1 21. Qxa1 Qc3 22. Qxc3 Rxc3 23. Bd5 Rxc2 24. Bxf7+ Kg7 25. Bb3 Rc6 26. Rd1
Kf6 27. h3 h6 28. Kh2 Ke5 29. Rd5+ Ke4 30. Rd1 Ke5 31. Rd5+ Ke4 32. Rd1 Ke3 33.
Bf7 g5 34. Bh5 Rb6 35. Kg3 b4 36. Bg4 Bxg4 37. Kxg4 Rb8 38. Kf5 a5 39. d7 Rd8
40. Ke6 Kf2 41. g4 Kg2 42. Rd3 1-0

[Event "Druga liga Srbije grupa Vojvodina 2011"]
[Site "Vrbas"]
[Date "2011.09.26"]
[Round "3.4"]
[White "Subotic, Srbislav"]
[Black "Milojevic, Dusan"]
[Result "1/2-1/2"]
[WhiteElo "2177"]
[BlackElo "2186"]
[PlyCount "89"]
[EventDate "2011.09.25"]

1. e4 c5 2. Nc3 a6 3. a4 Nc6 4. g3 Nf6 5. Bg2 e5 6. d3 h6 7. f4 d6 8. Nf3 Be7
9. O-O O-O 10. Ne2 c4 11. h3 cxd3 12. cxd3 Qb6+ 13. Kh2 Be6 14. g4 Bb3 15. Qd2
Rfd8 16. Ng3 d5 17. Nxe5 dxe4 18. Nxe4 Nxe5 19. fxe5 Nxe4 20. Bxe4 Rac8 21. Qe3
Bc5 22. Qf3 Bd4 23. Bf4 Rc2+ 24. Kh1 Qa5 25. g5 hxg5 26. Bxg5 Qxe5 27. Bf4 Qe7
28. Qh5 g6 29. Rg1 Bg7 30. Qf3 Qd7 31. Bg5 Qd6 32. Rg2 Rxg2 33. Qxg2 Rd7 34.
Rc1 f5 35. Bf3 Qxd3 36. Bf4 Bd5 37. Bxd5+ Qxd5 38. Qxd5+ Rxd5 39. Rc8+ Kh7 40.
Rc7 b5 41. axb5 Rxb5 42. Ra7 a5 43. b3 g5 44. Bxg5 Kg6 45. h4 1/2-1/2

[Event "Druga liga Srbije grupa Vojvodina 2011"]
[Site "Vrbas"]
[Date "2011.09.26"]
[Round "3.4"]
[White "Pezelj, Sinisa"]
[Black "Zobenica, Ivan"]
[Result "1-0"]
[WhiteElo "2146"]
[BlackElo "2034"]
[PlyCount "91"]
[EventDate "2011.09.25"]

1. c4 d6 2. Nc3 c6 3. d4 Nd7 4. Nf3 e5 5. e4 Ngf6 6. h3 Be7 7. Be2 O-O 8. O-O
Qc7 9. Be3 Rd8 10. Rc1 Nf8 11. d5 c5 12. Ne1 Ng6 13. Nd3 a6 14. f4 exf4 15.
Nxf4 Nd7 16. Bh5 Nde5 17. Nce2 Qa5 18. a3 b5 19. Bd2 Qb6 20. b3 a5 21. Ng3 Ba6
22. Nf5 Ra7 23. Be2 Rb8 24. b4 axb4 25. axb4 Bg5 26. bxc5 dxc5 27. cxb5 Nxf4
28. bxa6 c4+ 29. Kh1 Nxe2 30. Qxe2 Bxd2 31. Qxd2 Rxa6 32. Ne3 Rc8 33. Rb1 Qa7
34. Qc3 f6 35. Nf5 g6 36. Nh6+ Kg7 37. Ng4 Ra3 38. Ra1 Ra8 39. Rxa3 Qxa3 40.
Qd4 Qd3 41. Qf2 Nxg4 42. hxg4 Ra6 43. e5 Qxd5 44. exf6+ Kf7 45. Qf4 Ra2 46.
Qc7+ 1-0

[Event "Druga liga Srbije grupa Vojvodina 2011"]
[Site "Vrbas"]
[Date "2011.09.26"]
[Round "3.5"]
[White "Radlovacki, Jovan"]
[Black "Sertic, Rudolf"]
[Result "0-1"]
[WhiteElo "2432"]
[BlackElo "2430"]
[PlyCount "128"]
[EventDate "2011.09.25"]

1. e4 e5 2. Nf3 Nf6 3. Nxe5 d6 4. Nf3 Nxe4 5. d3 Nf6 6. d4 Be7 7. Bd3 Bg4 8. h3
Bh5 9. c3 O-O 10. Nbd2 c5 11. Qb3 Qc7 12. g4 Bg6 13. Bxg6 hxg6 14. d5 Nbd7 15.
a4 Rae8 16. c4 Nh7 17. Kf1 f5 18. g5 Nxg5 19. Nxg5 Bxg5 20. Rg1 Bh6 21. Nf3 Kh7
22. Nh4 Rf6 23. Qg3 f4 24. Qd3 Ne5 25. Qc2 Qf7 26. Ra3 f3 27. Bxh6 gxh6 28. Re3
Rg8 29. Rxe5 dxe5 30. Rg4 Rf4 31. Qc3 e4 32. Qe5 Rxg4 33. hxg4 Re8 34. Qd6 Kg7
35. Qxc5 Qf6 36. Qc7+ Re7 37. Qg3 Qxb2 38. Kg1 Qc1+ 39. Kh2 Qxc4 40. d6 Rf7 41.
Qe5+ Kh7 42. d7 Rxd7 43. Nxg6 Rf7 44. Nf4 Qc7 45. Qxe4+ Kg7 46. Kg3 Qd6 47.
Kxf3 b6 48. Qc4 Qe5 49. Qe4 Qxe4+ 50. Kxe4 Kf6 51. f3 Re7+ 52. Kd4 Re1 53. Nd5+
Ke6 54. Nc3 a6 55. Ne4 Ra1 56. Nc3 Kd6 57. f4 Rg1 58. Ne4+ Ke7 59. g5 h5 60. f5
h4 61. Ke5 h3 62. g6 h2 63. f6+ Kf8 64. g7+ Kg8 0-1

[Event "Druga liga Srbije grupa Vojvodina 2011"]
[Site "Vrbas"]
[Date "2011.09.26"]
[Round "3.5"]
[White "Marinovic, Bozidar"]
[Black "Kolognat, Petar"]
[Result "1-0"]
[WhiteElo "2405"]
[BlackElo "2284"]
[PlyCount "71"]
[EventDate "2011.09.25"]

1. e4 e6 2. d3 d5 3. Nd2 Nf6 4. Ngf3 c5 5. g3 Nc6 6. Bg2 Qc7 7. O-O dxe4 8.
dxe4 e5 9. c3 Be7 10. Qc2 h6 11. Re1 Be6 12. Bf1 O-O-O 13. Nc4 g5 14. Ne3 g4
15. Nh4 Nh7 16. Nef5 Ng5 17. Be2 h5 18. Nxe7+ Qxe7 19. Be3 Rhg8 20. Rad1 Rxd1
21. Rxd1 Rd8 22. Rxd8+ Nxd8 23. Nf5 Bxf5 24. exf5 f6 25. Bxg5 fxg5 26. Qe4 Nf7
27. Qd5 e4 28. Kf1 Kc7 29. Bc4 Nd8 30. Ke2 Nc6 31. Qf7 Kd6 32. Qd5+ Kc7 33. Qf7
Kd6 34. Qxh5 Qf6 35. Qxg4 Ke5 36. Ke3 1-0

[Event "Druga liga Srbije grupa Vojvodina 2011"]
[Site "Vrbas"]
[Date "2011.09.26"]
[Round "3.5"]
[White "Mastrapovic, Vladimir"]
[Black "Miranovic, Rajko"]
[Result "1/2-1/2"]
[WhiteElo "2260"]
[BlackElo "2376"]
[PlyCount "89"]
[EventDate "2011.09.25"]

1. e4 e5 2. Nf3 Nc6 3. Bb5 Nf6 4. O-O Nxe4 5. d4 Nd6 6. Bxc6 dxc6 7. dxe5 Nf5
8. Qxd8+ Kxd8 9. h3 h6 10. Nc3 Bd7 11. Ne4 Kc8 12. Bd2 b6 13. c4 c5 14. Bc3 Kb7
15. g4 Ne7 16. Ng3 Be6 17. b3 a5 18. Nd2 g5 19. Nh5 Ng6 20. Ne4 a4 21. Nef6 Be7
22. Nd5 Rhd8 23. Rfd1 axb3 24. axb3 Rxa1 25. Bxa1 c6 26. Ne3 Rxd1+ 27. Nxd1 Bd8
28. Ng7 Bc7 29. Ne3 Nxe5 30. Nxe6 fxe6 31. Kg2 Ka6 32. Bxe5 Bxe5 33. Kf3 Ka5
34. Nc2 b5 35. Ke4 Bg7 36. Kd3 Bb2 37. f3 Bf6 38. Ke4 Bc3 39. Kd3 Be5 40. Ke4
Bg3 41. Kd3 Bf2 42. Ke2 Bd4 43. Kd3 Bg1 44. Kc3 Bf2 45. Kd3 1/2-1/2

[Event "Druga liga Srbije grupa Vojvodina 2011"]
[Site "Vrbas"]
[Date "2011.09.26"]
[Round "3.5"]
[White "Rogac, Srdjan"]
[Black "Marcak, Dejan"]
[Result "1-0"]
[WhiteElo "2299"]
[BlackElo "2154"]
[PlyCount "111"]
[EventDate "2011.09.25"]

1. e4 d5 2. exd5 Qxd5 3. Nc3 Qa5 4. d4 c6 5. Nf3 Bg4 6. h3 Bh5 7. Be2 Nf6 8.
O-O e6 9. Ne5 Bxe2 10. Qxe2 Nbd7 11. Re1 Nxe5 12. dxe5 Nd7 13. Bd2 Qc7 14. Kh1
O-O-O 15. f4 Nb6 16. Ne4 Be7 17. Ba5 Rd7 18. c4 c5 19. b4 Rhd8 20. bxc5 Bxc5
21. Rab1 Qc6 22. Rb5 Be7 23. c5 Rd5 24. Bxb6 axb6 25. Rxb6 Qc7 26. Rc1 f5 27.
exf6 gxf6 28. Rxe6 Qxf4 29. Rf1 Qc7 30. Rb1 Bxc5 31. Nxf6 Rd2 32. Qg4 Kb8 33.
Ne4 R2d4 34. Qf3 Ba7 35. a4 Rd3 36. Qe2 Qc4 37. Nf6 Qxa4 38. Re8 Rxe8 39. Qxd3
Rc8 40. Qxh7 Qc6 41. Qf5 Rd8 42. Qe5+ Qc7 43. Qb5 Bd4 44. Ne4 b6 45. Qb4 Qe5
46. Nd2 Bc5 47. Nf3 Qd5 48. Qa4 Rh8 49. Qf4+ Kb7 50. Qg4 Rg8 51. Qa4 Rh8 52. h4
Ra8 53. Qc2 Rh8 54. Rd1 Qe6 55. Qa4 Rh7 56. Ng5 1-0

[Event "Druga liga Srbije grupa Vojvodina 2011"]
[Site "Vrbas"]
[Date "2011.09.26"]
[Round "3.5"]
[White "Bogic, Stevan"]
[Black "Jovic, Stevan"]
[Result "1/2-1/2"]
[WhiteElo "2202"]
[BlackElo "2292"]
[PlyCount "109"]
[EventDate "2011.09.25"]

1. d4 d5 2. c4 c6 3. Nf3 Nf6 4. Nc3 dxc4 5. a4 Bf5 6. e3 e6 7. Bxc4 Bb4 8. O-O
O-O 9. Qb3 Qb6 10. Na2 Bd6 11. Nc3 Qxb3 12. Bxb3 a5 13. Re1 Bb4 14. Nd2 Nbd7
15. Na2 Be7 16. e4 Bg6 17. e5 Nd5 18. Ne4 Nb4 19. Nxb4 Bxb4 20. Bd2 Bxe4 21.
Bxb4 axb4 22. Rxe4 Ra5 23. f4 Nb6 24. d5 Nxd5 25. Bxd5 Rxd5 26. Rxb4 Rd7 27. a5
Ra8 28. Rb6 h5 29. a6 bxa6 30. Rbxa6 Rb8 31. Ra8 Rdb7 32. Rxb8+ Rxb8 33. Ra2
Rb4 34. g3 h4 35. Kg2 hxg3 36. hxg3 g5 37. fxg5 Re4 38. Kf3 Rxe5 39. Ra6 Rc5
40. g6 fxg6 41. Ra7 Kf8 42. Kf4 Rb5 43. Rc7 Rxb2 44. Rxc6 Kf7 45. g4 Rb5 46. g5
Rb4+ 47. Kf3 Rb7 48. Kf4 Ke7 49. Ra6 Rc7 50. Rb6 Rc1 51. Rb7+ Kd6 52. Rg7 Rc4+
53. Kf3 Rc3+ 54. Ke4 Rc4+ 55. Ke3 1/2-1/2

[Event "Druga liga Srbije grupa Vojvodina 2011"]
[Site "Vrbas"]
[Date "2011.09.26"]
[Round "3.6"]
[White "Lovre, Rajko"]
[Black "Strangar, Zlatko"]
[Result "0-1"]
[WhiteElo "2221"]
[BlackElo "2203"]
[PlyCount "58"]
[EventDate "2011.09.25"]

1. Nf3 Nf6 2. d4 g6 3. g3 Bg7 4. Bg2 O-O 5. O-O d6 6. c3 Nbd7 7. Re1 e5 8. e4
h6 9. Nbd2 b6 10. Qc2 Bb7 11. Nf1 exd4 12. Nxd4 Re8 13. Bf4 Nc5 14. f3 d5 15.
b4 Ne6 16. Nxe6 Rxe6 17. Rad1 Qe8 18. Nd2 g5 19. Be3 dxe4 20. f4 Ng4 21. fxg5
Nxe3 22. Rxe3 hxg5 23. Nxe4 Rb8 24. Rde1 Qe7 25. Qe2 Re8 26. Qf2 Re5 27. Nf6+
Bxf6 28. Rxe5 Bxe5 29. Bxb7 Bxg3 0-1